FIFA World Cup Top Scorer - Statistics

General Stats
  • This quiz has been taken 1,500 times
    598 since last reset
  • The average score is 11 of 31
Answer Stats
Year Player % Correct
2002 Ronaldo
95%
2022 Kylian Mbappé
93%
1970 Gerd Muller
75%
2010 Thomas Müller
75%
2006 Miroslav Klose
73%
2018 Harry Kane
67%
2014 James Rodríguez
56%
2010 David Villa
54%
2010 Diego Forlán
54%
1962 Garrincha
41%
1958 Just Fontaine
41%
1982 Paolo Rossi
40%
1978 Mario Kempes
32%
1986 Gary Lineker
31%
1966 Eusébio
30%
2010 Wesley Sneijder
27%
1998 Davor Šuker
26%
1994 Hristo Stoichkov
26%
1990 Salvatore Schillaci
20%
1962 Vavá
20%
1974 Grzegorz Lato
16%
1994 Oleg Salenko
15%
1954 Sándor Kocsis
14%
1938 Leônidas
13%
1930 Guillermo Stábile
12%
1950 Ademir
10%
1962 Flórián Albert
8%
1962 Leonel Sánchez
8%
1934 Oldřich Nejedlý
6%
1962 Valentin Kozmich Ivanov
5%
1962 Dražan Jerković
3%
No matching quizzes found
Score Distribution
Percent of People with Each Score
Percentile by Number Answered
Your Score History
You have not taken this quiz since the last reset